00393 2200133 4500001002100000008004100021035002000062245008000082100002200162260002600184300002600210084001400236990000900250INLIS000000000003769 ind  a0010-0723000254 aKisah Perjuangan Wali SongobKisah Perjuangan Wali SongocMB. Rahimsyah .AR aAR, MB. Rahimsyah aSurabaya :bDUA MEDIA a128 hlmc24 x 16,5 cm a039 KIS m a3853